Logos de clubs de football Allemands - Statistiques

Statistiques générales
  • Ce quiz a été pris 1 527 fois
  • Le résultat moyen est 11 sur 15
Statistiques - réponses
Par images Réponse % Correct
Borussia Dortmund
99%
Schalke 04
95%
Wolfsbourg
89%
TSG 1899 Hoffenheim
87%
Werder breme
84%
Hambourg SV
82%
VfB Stuttgart
81%
Eintracht Francfort
78%
FC Augsbourg
72%
Borussia Mönchengladbach
68%
FC Nüremberg
66%
Fortuna Düsseldorf
45%
Hannover 96
45%
Dynamo Dresde
35%
Kaiserslautern
33%
Aucun quiz correspondant
Distribution des résultats
% des personnes avec chaque résultat
Percentile par nombre de réponses
Votre historique - résultats
Vous n’avez pas pris ce quiz